Statistics for Famous Artists By Thumbail - Medium

Click here to take the quiz!

General Stats

  • This quiz has been taken 28 times
  • The average score is 6 of 12

Answer Stats

Answer% Correct
Leonardo da Vinci
100%
Vincent van Gogh
91%
Claude Monet
86%
Rembrandt
82%
Edward Hopper
50%
Johannes Vermeer
50%
Raphael
45%
Roy Lichtenstein
36%
Grant Wood
32%
Eugène Delacroix
27%
Katsushika Hokusai
27%
Bansky
14%

Score Distribution

Percentile by Number Answered

Percent of People with Each Score

Your Score History

You have not taken this quiz